Music Quiz

Random Music or Clickable Quiz
Score 0/32 Timer 05:00
6 Plays Today
% Correct
Heaven
97.1%
Alabama
97%
California
96.8%
Here
96.5%
Queen
95.9%
Survive
95.7%
Sexy
94.8%
Man
94.6%
Enough
94.5%
Run
94.1%
Postman
93.9%
Feeling
93.8%
Pie
93.7%
Georgia
93.6%
Gold
93.3%
Brown
93.3%
% Correct
Vain
92.6%
Friend
92%
Storm
91.6%
Fever
91.5%
Calling
91%
Rain
90.7%
UK
89.9%
City
89.4%
Love
88.9%
Clown
88.7%
Shoulders
88.7%
Song
88.4%
Sharona
87.4%
Girl
87.3%
Luck
84.9%
Lord
80.2%
Remove Ads.
Support Sporcle.
Get the best of Sporcle when you Go Orange. This ad-free experience offers more features, more stats, and more fun while also helping to support Sporcle. Thank you for becoming a member.

You're not logged in!

Compare scores with friends on all Sporcle quizzes.
OR
Log In

Show Comments

Extras

Top Quizzes Today


Score Distribution

Your Account Isn't Verified!

In order to create a playlist on Sporcle, you need to verify the email address you used during registration. Go to your Sporcle Settings to finish the process.

Report this User

Report this user for behavior that violates our Community Guidelines.

Details: